000 00816nam a2200265 i 4500
003 DO-SdBNP
005 20260601115758.0
007 ta
008 260302e2023 dr ||||gr|||||||| ||spa d
020 _a9789945647396.
040 _aDO-SdBNP
_bspa
_cBNPHU
_erda
041 _aspa
082 4 _bS593s 2023
_222
100 _aSimó, Ana,
_eautor
_4aut.
_989095
245 1 0 _aSobrevivir a la infidelidad /
_cAna Simó ; prólogo, Ramón Emilio Almánzar
264 4 _aSanto Domingo :
_bEditorial Bien-etre,
_c©2023.
300 _a186 páginas ;
_c23 cm.
336 _atexto
_btxt
_2rdacontent
337 _asin mediación
_bn
_2rdamedia
338 _avolumen
_bnc
_2rdacarrier
590 _aInventariado, 2026/BT
700 1 _aAlmánzar, Ramón Emilio,
_eprologuista
_989096
910 _aBtavárez
942 _2ddc
_cLBS1
999 _c60399
_d60399